ბათუმის შოთა რუსთაველის სახელმწიფო უნივერსიტეტის ბიბლიოთეკა

ავტოსარემონტო საწარმოთა დაპროექტების საფუძვლები : (ბიბ.ჩანაწერი № 39614)

000 -ლიდერი
ფიქსირებული სიგრძის საკონტროლო ველი 01008nam a2200217Ia 4500
001 - საკონტროლო ნომერი
საკონტროლო ველი 6214
003 - საკონტროლო ნომრის იდენტიფიკატორი
საკონტროლო ველი GE_BSU
005 - ბოლო ოპერაციის თარიღი და დრო
საკონტროლო ველი 20190505225435.0
008 - ფიქსირებული სიგრძის მონაცემთა ელემენტები - ზოგადი ინფორმაცია
ფიქსირებული სიგრძის საკონტროლო ველი 181216s1980||||ge |||||||||||||| ||geo||
040 ## - კატალოგიზაციის წყარო
Transcribing agency GE_BSU
041 ## - ენის კოდი
Language code of text/sound track or separate title geo
080 ## - უნივერსალური ათობითი კლასიფიკაციის ინდექსი
Universal Decimal Classification number 629.113:658(072) ე-20
100 ## - მთავარი ჩანაწერი - პიროვნების სახელი
Personal name ედილაშვილი, მ.
9 (RLIN) 718
245 ## - ცნობა სათაურის შესახებ
Title ავტოსარემონტო საწარმოთა დაპროექტების საფუძვლები :
Remainder of title დამხმ. სახელმძღვ. /
Statement of responsibility, etc ედილაშვილი, მ. ; რედ.პ.ლაბარტყავა.
264 ## - წარმოების, გამოცემის, დისტრიბუციის და სხვა ცნობები
გამოცემის, წარმოების, დისტრიბუციის... ადგილი თბილისი :
გამოცემის, წარმოების, დისტრიბუციის... სახელწოდება განათლება,
გამოცემის, წარმოების, დისტრიბუციის... თარიღი 1980.
300 ## - ფიზიკური აღწერა
Extent 140 გვ. ;
Dimensions 20 სმ.
504 ## - BIBLIOGRAPHY, ETC. NOTE
Bibliography, etc ბიბლიოგრ. : გვ.137.
653 ## - INDEX TERM--UNCONTROLLED
Uncontrolled term ავტოსარემონტო საწარმოთა დაპროექტება
700 ## - ADDED ENTRY--PERSONAL NAME
Personal name ლაბარტყავა, პ.
Relator term რედაქტორი
9 (RLIN) 523
942 ## - ADDED ENTRY ELEMENTS (KOHA)
Koha item type წიგნი
Source of classification or shelving scheme
ეგზემპლარები
ჩამოწერის სტატუსი დაკარგული ეგზემპლარის სტატუსი კლასიფიკაციის წყარო ან თაროზე გაწყობის სქემა დაზიანების სტატუსი არ გაიცემა მუდმივი მდებარეობა (დაცვის ადგილი) ამჟამინდელი ადგილსამყოფელი თაროზე განთავსების ადგილი შეძენის თარიღი ღირებულება, შესყიდვის ნორმალური ფასი სრული შენახვის შიფრი შტრიხკოდი ბოლო ოპერაციის თარიღი ეგზემპლარის მიმდევრობითი ნომერი (კეტერი?) ფასის ძალაში შესვლის თარიღი ეგზემპლარის სახეობა საჯარო შენიშვნა
          ტექნოლოგიური ფაკულტეტის ბიბლიოთეკა ტექნოლოგიური ფაკულტეტის ბიბლიოთეკა წიგნსაცავი 2018-12-17 0.60 629.113:658(072) ე-20 11692 2018-12-17 11692 2018-12-17 წიგნი 0.60 ლ.
          ტექნოლოგიური ფაკულტეტის ბიბლიოთეკა ტექნოლოგიური ფაკულტეტის ბიბლიოთეკა წიგნსაცავი 2018-12-17 0.60 629.113:658(072) ე-20 11693 2018-12-17 11693 2018-12-17 წიგნი 0.60 ლ.
          ტექნოლოგიური ფაკულტეტის ბიბლიოთეკა ტექნოლოგიური ფაკულტეტის ბიბლიოთეკა წიგნსაცავი 2018-12-17 0.60 629.113:658(072) ე-20 11694 2018-12-17 11694 2018-12-17 წიგნი 0.62 ლ.